| 000 | 00749nam a22002177a 4500 | ||
|---|---|---|---|
| 999 |
_c17273 _d17273 |
||
| 003 | AR-CdUCM | ||
| 008 | 190507b ||||| |||| 00| 0 spa d | ||
| 040 |
_aMUNICIPALIDAD PROVINCIAL DEL CUSCO _cBIBLIOTECA MUNICIPAL DEL CUSCO |
||
| 082 |
_a321.08 / _bC35 |
||
| 100 |
_aCastilla, Ramón _937176 |
||
| 245 | _aIdeología / | ||
| 260 |
_aLima : _bEds. Hora del Hombre, _c1948. |
||
| 300 |
_a78 paginas / _c17 cm. |
||
| 440 |
_aCreadores de la democracia peruana _937177 |
||
| 505 | _aContenido :Americanismo --Caminos --Constitución política --Crédito nacional --Democracia --Economía --Educación ... | ||
| 650 |
_aPerú _935 |
||
| 650 |
_aHistoria _9136 |
||
| 650 |
_aDocumentos _97186 |
||
| 942 |
_2ddc _cLIBROS |
||
| 945 |
_arjall _d2019-05-07 |
||